MARC details
| 000 -LEADER |
| campo de control de longitud fija |
03066nkc a2200325za 4500 |
| 001 - NÚMERO DE CONTROL |
| campo de control |
84432 |
| 003 - IDENTIFICADOR DE NÚMERO DE CONTROL |
| campo de control |
OSt |
| 005 - FECHA Y HORA DE LA ÚLTIMA TRANSACCIÓN |
| campo de control |
20260420150948.0 |
| 007 - CAMPO FIJO DE DESCRIPCIÓN FÍSICA--INFORMACIÓN GENERAL |
| campo de control de longitud fija |
kh boc |
| 008 - DATOS DE LONGITUD FIJA--INFORMACIÓN GENERAL |
| campo de control de longitud fija |
250408s18901968sp ||||| |||| 00| i|spa d |
| 040 ## - FUENTE DE CATALOGACIÓN |
| Centro/agencia transcriptor |
M-RABA |
| Centro catalogador/agencia de origen |
M-RABA |
| Lengua de catalogación |
spa |
| 245 01 - MENCIÓN DEL TÍTULO |
| Título |
[Restos de excavaciones arqueológicas |
| Resto del título |
: Szeged y Hódmezóvásárhely (Hungría)] |
| Medio |
[Material gráfico] |
| 260 ## - PUBLICACIÓN, DISTRIBUCIÓN, ETC. |
| Fecha de publicación, distribución, etc. |
[ca. 1890 - 1968] |
| 300 ## - DESCRIPCIÓN FÍSICA |
| Extensión |
5 fotografías |
| Otras características físicas |
: gelatina |
| Dimensiones |
; imagen 12 x 17 cm |
| -- |
; soporte secundario 21,4 x 28 cm |
| 500 ## - NOTA GENERAL |
| Nota general |
Conjunto de cinco fotografías de restos de excavaciones arqueológicas conservadas en Instituto Universitario de Arqueología de Szeged y al Museo de la ciudad de Hódmezóvásárhely. |
| 500 ## - NOTA GENERAL |
| Nota general |
Montadas sobre soporte secundario de cartón. |
| 500 ## - NOTA GENERAL |
| Nota general |
Anotaciones mecanografiadas al verso. Hacen referencia al Instituto Universitario de Arqueología de Szeged y al Museo de la ciudad de Hódmezóvásárhely. |
| 500 ## - NOTA GENERAL |
| Nota general |
Fechas tomadas del auge en las excavaciones arqueológicas de Hungría. |
| 505 ## - NOTA DE CONTENIDO CON FORMATO |
| Nota de contenido con formato |
Fot-563. "Szeged: Egyetemi archeeologiai intézet. Kettós lakógödör az ószentiváni bronzkori telepról." -- Fot-564. "Hódmezóvásárhely 9 Városi muzeum. Részlet a Kotacparti tiszai III. Kultura telepéról" -- Fot-565. "Hódmezóvásárhely 9 Városi muzeum. Edények a Kökénydombi egyik Kunyhó padozatán" -- Fot-566. "Szeged: Egyetemi archeeologiai intézet. Lakógödör az ószentiváni bronzkori telepról" -- Fot-567. "Szeged: Egyetemi archeeologiai intézet. Ószentiváni bronzkori telep edényei" |
| 505 ## - NOTA DE CONTENIDO CON FORMATO |
| Nota de contenido con formato |
Traducciones: Fot-563. "Szeged: Instituto Universitario de Arqueología. Instituto Arqueológico Húngaro" -- Fot-564. "Museo de la ciudad de Hódmezóvásárhely 9. Detalle de la 3ª Colonia Cultural en Kotacparti, Tisza" -- Fot-565. "Museo de la ciudad de Hódmezóvásárhely 9. Vasijas en el suelo de una cabaña en Kökénydombi" -- Fot-566. "Szeged: Instituto Universitario de Arqueología. Instituto Arqueológico Húngaro" -- Fot-567. "Szeged: Instituto Universitario de Arqueología. Universidad de Arqueología" |
| 651 #7 - PUNTO DE ACCESO ADICIONAL DE MATERIA--NOMBRE GEOGRÁFICO |
| Nombre geográfico |
Hungría |
| Fuente del encabezamiento o término |
embne |
| 9 (RLIN) |
75079 |
| 655 #7 - TERMINO DE INDIZACIÓN--GENERO/FORMA |
| Datos o término principal de género/forma |
Fotografías. |
| 9 (RLIN) |
54128 |
| 852 ## - LOCALIZACIÓN |
| Número de control de estantería |
Fot-563 ; Fot-564 ; Fot-565 ; Fot-566 ; Fot-567 |
| 856 ## - LOCALIZACIÓN Y ACCESO ELECTRÓNICOS |
| Materiales especificados |
Fot-563 |
| Identificador Uniforme de Recurso |
<a href="https://archivoybiblioteca.realacademiabellasartessanfernando.com/cgi-bin/koha/opac-retrieve-file.pl?id=44349c20cd8957d2a33400c0eb348fed">https://archivoybiblioteca.realacademiabellasartessanfernando.com/cgi-bin/koha/opac-retrieve-file.pl?id=44349c20cd8957d2a33400c0eb348fed</a> |
| 856 ## - LOCALIZACIÓN Y ACCESO ELECTRÓNICOS |
| Materiales especificados |
Fot-564 |
| Identificador Uniforme de Recurso |
<a href="https://archivoybiblioteca.realacademiabellasartessanfernando.com/cgi-bin/koha/opac-retrieve-file.pl?id=1b1504c6c5c91ff0610d775b96c41072">https://archivoybiblioteca.realacademiabellasartessanfernando.com/cgi-bin/koha/opac-retrieve-file.pl?id=1b1504c6c5c91ff0610d775b96c41072</a> |
| 856 ## - LOCALIZACIÓN Y ACCESO ELECTRÓNICOS |
| Materiales especificados |
Fot-565 |
| Identificador Uniforme de Recurso |
<a href="https://archivoybiblioteca.realacademiabellasartessanfernando.com/cgi-bin/koha/opac-retrieve-file.pl?id=c86beb3d3b80d5549fee0e052377e302">https://archivoybiblioteca.realacademiabellasartessanfernando.com/cgi-bin/koha/opac-retrieve-file.pl?id=c86beb3d3b80d5549fee0e052377e302</a> |
| 856 ## - LOCALIZACIÓN Y ACCESO ELECTRÓNICOS |
| Materiales especificados |
Fot-566 |
| Identificador Uniforme de Recurso |
<a href="https://archivoybiblioteca.realacademiabellasartessanfernando.com/cgi-bin/koha/opac-retrieve-file.pl?id=f5aa6641a6fbd8b17956b5142a80ebb0">https://archivoybiblioteca.realacademiabellasartessanfernando.com/cgi-bin/koha/opac-retrieve-file.pl?id=f5aa6641a6fbd8b17956b5142a80ebb0</a> |
| 856 ## - LOCALIZACIÓN Y ACCESO ELECTRÓNICOS |
| Materiales especificados |
Fot-567 |
| Identificador Uniforme de Recurso |
<a href="https://archivoybiblioteca.realacademiabellasartessanfernando.com/cgi-bin/koha/opac-retrieve-file.pl?id=20d011a5006abf582592661dd0979b15">https://archivoybiblioteca.realacademiabellasartessanfernando.com/cgi-bin/koha/opac-retrieve-file.pl?id=20d011a5006abf582592661dd0979b15</a> |
| 942 ## - ELEMENTOS DE ENTRADA SECUNDARIOS (KOHA) |
| Fuente de la clasificación o esquema de estantería |
Clasificación Decimal Dewey |
| Tipo de ítem Koha |
Fotografías |
| Suprimir en OPAC |
No |